[Event "IV Niterói Chess Open 2024"]
[Site "Rio de Janeiro"]
[Date "2024.08.30"]
[Round "4"]
[Board "20"]
[White "Moura, Eduardo Eugenio Chaves"]
[Black "De Moura Silva, Guilherme"]
[Result "1/2-1/2"]
[WhiteElo "2056"]
[BlackElo "1916"]
[Annotator "Chessbase"]
[PlyCount "81"]
[EventDate "2024.08.28"]
[EventRounds "7"]
[EventCountry "BRA"]

1. e4 c5 2. c3 Nf6 3. e5 Nd5 4. d4 cxd4 5. Nf3 e6 6. cxd4 d6 7. Bc4 Nb6 8. Bd3 Nc6 9. O-O h6 10. Nc3 Be7 11. Qe2 ({RR} 11. exd6 Bxd6 12. Re1 O-O 13. a3 Be7 14. Bc2 Nd7 15. d5 exd5 16. Nxd5 Re8 17. Bf4 Nf8 18. Nc7 Ne6 19. Nxe8 Nxf4 20. Qxd8 Bxd8 21. Nd6 Be6 22. Nxb7 Bf6 23. Nc5 Bd5 24. Be4 Bxb2 25. Rad1 Bxe4 {1-0 Naroditsky,D (2619)-Koziorowicz,M (2324) Titled Tue 20th Feb Late 2024 (4)}) 11... d5 12. Be3 a6 13. Rac1 Nb4 $146 ({RR} 13... Bd7 14. g3 Rc8 15. h4 Nb4 16. Bb1 Rxc3 17. Rxc3 Bb5 18. Qd1 Bxf1 19. Kxf1 Nc4 20. Bc1 a5 21. h5 Qd7 22. a3 Nc6 23. b4 b5 24. Kg2 Qa7 25. Rd3 Kd7 26. Bc2 {½-½ French,A (2132)-Hassall,M (1879) Paington op 2008 (6)}) 14. Bb1 Nc4 15. Ne1 Bd7 16. Nd3 Nxd3 17. Bxd3 b5 18. b3 Nxe3 19. fxe3 O-O 20. Nd1 Qb6 21. Qh5 Be8 22. Qh3 f5 23. exf6 Rxf6 24. Nf2 h5 25. Bb1 Qd6 26. Nd3 Bg6 27. Rxf6 Bxf6 28. Nf4 Bxb1 29. Rxb1 e5 30. dxe5 Qxe5 31. Qxh5 Qxe3+ 32. Kh1 Rc8 33. Qxd5+ Kh8 34. Qh5+ Kg8 35. Qd5+ Kh8 36. Rf1 Re8 37. Qh5+ Kg8 38. Nd5 Qf2 39. Nxf6+ Qxf6 40. Qd5+ Qe6 41. Qd1 1/2-1/2

[Event "IV Niterói Chess Open 2024"]
[Site "Rio de Janeiro"]
[Date "2024.09.01"]
[Round "7"]
[Board "36"]
[White "De Sa, Miguel Melro Franco Braga"]
[Black "Da Cunha, Fabio Barbosa"]
[Result "1/2-1/2"]
[WhiteElo "1813"]
[BlackElo "2034"]
[Annotator "Chessbase"]
[PlyCount "75"]
[EventDate "2024.08.28"]
[EventRounds "7"]
[EventCountry "BRA"]

1. e4 c5 2. c3 Nf6 3. e5 Nd5 4. d4 cxd4 5. Nf3 Nc6 6. Bc4 Nb6 7. Bb3 d5 8. cxd4 Bg4 9. Be3 e6 10. O-O Be7 11. Nbd2 O-O 12. h3 Bh5 13. g4 ({RR} 13. Re1 Na5 14. Nf1 Nxb3 15. axb3 a6 16. Ng3 Bg6 17. Qd2 h6 18. Rec1 Rc8 19. Ne2 Qd7 20. Nf4 Be4 21. Nh5 Bg6 22. Nf4 Rxc1+ 23. Rxc1 Rc8 24. Rxc8+ Qxc8 25. Nxg6 fxg6 26. Qc3 Qd7 27. Ne1 g5 {0-1 Guerra Tulcan,L (2310)-Oparin,G (2681) Titled Tue 3rd Oct Late 2023 (2)}) 13... Bg6 14. Qe2 $146 ({RR} 14. Ne1 f6 15. f4 fxe5 16. fxe5 Rxf1+ 17. Nxf1 Bg5 18. Qd2 Bxe3+ 19. Qxe3 Na5 20. Nd2 Nac4 21. Bxc4 dxc4 22. Ng2 Nd5 23. Qf2 Rc8 24. Rf1 Qe7 25. Nf4 Nxf4 26. Qxf4 b5 27. Ne4 Bxe4 28. Qxe4 b4 {0-1 Tringov,G-Filchev,R BUL-ch10 Sofia 1955 (5)}) ({RR} 14. Bc2 Bxc2 15. Qxc2 Rc8 16. Qd1 Nb4 17. Ne1 Nc4 18. a3 Na6 19. Nxc4 dxc4 20. Qf3 c3 21. bxc3 Rxc3 22. Qxb7 Nc7 23. Qxa7 Nd5 24. Ng2 Qc8 25. a4 Rd8 26. Rac1 Rd7 27. Qa5 Rxc1 28. Rxc1 Qb8 {1-0 Chincholimath,H (1754)-Johnson,B (2104) Titled Tuesday intern op 18th Jan blitz 2022 (8)}) 14... Na5 15. Nh2 Rc8 16. f4 f5 17. Rac1 Nxb3 18. axb3 Qd7 19. Nhf3 Rc6 20. Nb1 Rfc8 21. Rxc6 Qxc6 22. Rc1 Qxc1+ 23. Bxc1 Rxc1+ 24. Kh2 fxg4 25. Nfd2 g3+ 26. Kxg3 Bxb1 27. Nxb1 Rxb1 28. Qc2 Rg1+ 29. Kh2 Re1 30. Qc7 Kf7 31. Qxb7 Re2+ 32. Kg3 Re3+ 33. Kg2 Rxb3 34. Qxa7 Rxb2+ 35. Kg3 Nc4 36. f5 exf5 37. Qd7 Ne3 38. Kf4 1/2-1/2

[Event "IV Niterói Chess Open 2024"]
[Site "Rio de Janeiro"]
[Date "2024.08.30"]
[Round "4"]
[Board "1"]
[White "Filgueiras, Nathan Felipe"]
[Black "Mekhitarian, Krikor Sevag"]
[Result "0-1"]
[WhiteElo "2316"]
[BlackElo "2560"]
[Annotator "Chessbase"]
[PlyCount "58"]
[EventDate "2024.08.28"]
[EventRounds "7"]
[EventCountry "BRA"]

1. e4 c5 2. Nc3 d6 3. d4 cxd4 4. Qxd4 Nc6 5. Qd2 Nf6 6. b3 e6 7. Bb2 d5 8. exd5 exd5 9. O-O-O Be6 10. a3 ({RR} 10. Kb1 a6 11. f3 Qc7 12. Bd3 d4 13. Ne4 Nd5 14. Ne2 Bb4 15. Qg5 f6 16. Qh5+ g6 17. Qh4 O-O-O 18. Bc4 g5 19. Qf2 Nc3+ 20. N4xc3 Bxc4 21. Nxd4 Bf7 22. Ne4 Rhf8 23. Nxc6 Qxc6 24. Nxf6 Bg6 {1-0 Schulze,L (2290)-Donghvani,N (2028) 24th ch-EUR Indiv w 2024 (4.38)}) 10... Rc8 ({RR} 10... Bc5 11. Nf3 O-O 12. Bd3 Rc8 13. Rhe1 Re8 14. h3 Qa5 15. Nb5 Qxd2+ 16. Rxd2 a6 17. Nbd4 Ne4 18. Rde2 Bd7 19. Kd1 f6 20. Nxc6 Bxc6 21. Nd4 Bd7 22. f3 Ng3 23. Rxe8+ Rxe8 24. c4 dxc4 25. Bxc4+ {½-½ Caruana,F (2819)-Vachier Lagrave,M (2773) Grenke Chess Classic 6th 2019 (2)}) 11. Bd3 Be7 12. Kb1 $146 ({RR} 12. Nge2 O-O 13. f3 a6 14. Kb1 b5 15. g4 b4 16. axb4 Bxb4 17. g5 Nd7 18. Qf4 Nc5 19. Nxd5 Bxd5 20. Be4 Nxe4 21. fxe4 Bd6 22. Qe3 Bxb3 23. cxb3 Qe7 24. Nc3 Be5 25. Rhf1 Rb8 26. Nd5 Qe6 {0-1 Sheka,N (1953)-Kuznetsov,F (2248) Korchnoi Mem Open 2023 (2.29)}) 12... O-O 13. Nge2 Re8 14. Ng3 Qa5 15. Nce2 Qxd2 16. Rxd2 Ng4 17. Nc3 Bg5 18. Re2 Nd4 19. Nb5 Nxe2 20. Bxe2 Nxf2 21. Rf1 Ne4 22. Nxe4 dxe4 23. Nd6 f5 24. Nxf5 Rf8 25. Nxg7 Rxf1+ 26. Bxf1 Rf8 27. Be2 Bd5 28. c4 Rf2 29. Bg4 Bf7 0-1

[Event "IV Niterói Chess Open 2024"]
[Site "Rio de Janeiro"]
[Date "2024.08.29"]
[Round "2"]
[Board "49"]
[White "Cunha, Rodrigo Azalim"]
[Black "De Haro, Martim Afonso Palma"]
[Result "1-0"]
[WhiteElo "1624"]
[BlackElo "1804"]
[Annotator "Chessbase"]
[PlyCount "127"]
[EventDate "2024.08.28"]
[EventRounds "7"]
[EventCountry "BRA"]

1. e4 c5 2. Nc3 g6 3. g3 Bg7 4. Bg2 Nc6 5. d3 e6 6. Be3 Nd4 7. Qd2 Ne7 8. f4 ({RR} 8. h4 Nec6 9. Nd1 e5 10. c3 Ne6 11. Bh6 d6 12. Bxg7 Nxg7 13. Ne3 Be6 14. Ne2 Qa5 15. O-O O-O 16. Nd5 Bxd5 17. exd5 Ne7 18. f4 Rad8 19. Rf2 f6 20. a3 Ngf5 21. Raf1 c4 22. dxc4 Qc5 {½-½ Majdan,J (2371)-Socko,M (2458) POL-chT Poland 2018 (8.6)}) 8... Rb8 ({RR} 8... Nec6 9. Nf3 O-O 10. O-O Nxf3+ 11. Bxf3 Nd4 12. Bg2 b6 13. Rab1 Bb7 14. Nd1 d5 15. e5 f6 16. Bxd4 cxd4 17. exf6 Qxf6 18. Nf2 Rac8 19. Rbe1 Qe7 20. Re2 Qc5 21. Rfe1 Rfe8 22. Bh3 Rc7 23. Bxe6+ {1-0 Carlsson,L (2281)-Zakirova,A (1585) Titled Tuesday intern op 20th Oct blitz 2020 (4)}) 9. Rb1 $146 ({RR} 9. Nd1 b6 10. c3 Ndc6 11. Nf3 O-O 12. d4 cxd4 13. cxd4 d5 14. e5 Ba6 15. Rc1 f6 16. b4 Rc8 17. Bh3 Qd7 18. Nb2 fxe5 19. dxe5 d4 20. Nxd4 Nxd4 21. Bxe6+ Qxe6 22. Bxd4 Rxc1+ 23. Qxc1 Qd5 {0-1 Birkett,R (1943)-Mitchell,M (2218) Dundee op 2004 (5)}) 9... d6 10. Nf3 d5 11. exd5 exd5 12. Bxd4 cxd4 13. Nb5 Nf5 14. Nxa7 Bd7 15. Qb4 Qe7+ 16. Qxe7+ Kxe7 17. a4 Ra8 18. Nb5 Rxa4 19. Na3 b5 20. Rc1 b4 21. Nb1 Ne3 22. Kf2 Ra2 23. Rhe1 Re8 24. b3 Kf8 25. Re2 Ng4+ 26. Kf1 Rxe2 27. Kxe2 Ne3 28. Ne1 Nxc2 29. Nxc2 Be6 30. h3 h5 31. Nd2 Ke7 32. Kd1 Kd7 33. Ra1 Rxa1+ 34. Nxa1 Kc6 35. Nc2 Kc5 36. Ke2 Bf5 37. Bf1 Bf6 38. Kf3 g5 39. g4 hxg4+ 40. hxg4 Bc8 41. Be2 gxf4 42. Kxf4 Bg7 43. Kg5 Bd7 44. Nf3 Bh8 45. Nh4 Be5 46. Nf5 Ba4 47. Na1 Bb5 48. Nh6 Be8 49. Kf5 Kd6 50. Nc2 Bg7 51. g5 Bd7+ 52. Kf4 Be5+ 53. Kf3 Be8 54. Nxb4 Kc5 55. Nc2 f6 56. gxf6 Bxf6 57. Kf4 Kd6 58. Nf5+ Kc5 59. Bf3 Bb5 60. b4+ Kb6 61. Be2 Bd7 62. Nfxd4 Ka6 63. Bg4 Ba4 64. Be6 1-0

[Event "IV Niterói Chess Open 2024"]
[Site "Rio de Janeiro"]
[Date "2024.08.31"]
[Round "6"]
[White "Vargas, Victor Da Silva"]
[Black "Peixoto, Helio Ricardo Souti"]
[Result "0-1"]
[WhiteElo "1684"]
[BlackElo "1937"]
[Annotator "Chessbase"]
[PlyCount "64"]
[EventDate "2024.08.28"]
[EventRounds "7"]
[EventCountry "BRA"]

1. e4 c5 2. Nc3 Nc6 3. g3 g6 4. Bg2 Bg7 5. Nh3 e5 6. O-O Nge7 7. d3 O-O 8. f4 d6 9. g4 ({RR} 9. Be3 f5 10. Kh1 h6 11. Qd2 Kh7 12. Rae1 Nd4 13. Nd5 fxe4 14. Nxe7 Qxe7 15. dxe4 Bg4 16. c3 Nc6 17. Nf2 Be6 18. b3 c4 19. b4 b5 20. f5 Bf7 21. Ng4 Be8 22. Bxh6 gxf5 23. exf5 Bf6 {1-0 Vilar Lopez,M (2045)-Marin Badenas,V (1661) Colonia de Sant Jordi op-A 2022 (1)}) 9... f5 ({RR} 9... exf4 10. Nxf4 Nd4 11. h3 Ne6 12. Nce2 Rb8 13. a4 Nxf4 14. Nxf4 Bd7 15. c3 Bc6 16. Be3 a6 17. d4 cxd4 18. Bxd4 Be5 19. a5 Bb5 20. Rf2 Nc6 21. Bxe5 Nxe5 22. b3 Bc6 23. Rd2 Qg5 24. Rf2 {1-0 Saravanan,V (2390)-Thipsay,P (2450) Asia-ch Teheran 1998 (2)}) 10. fxe5 $146 ({RR} 10. exf5 gxf5 11. gxf5 Bxf5 12. Ng5 h6 13. Nge4 Ng6 14. Qh5 exf4 15. Bxf4 Nxf4 16. Rxf4 Ne7 17. Raf1 Qd7 18. Ng3 Bg6 19. Qh4 Rxf4 20. Rxf4 Rf8 21. Rxf8+ Kxf8 22. Qf4+ Kg8 23. Nge4 Nf5 24. Nd5 Qe6 {½-½ Makhatadze,N (1935)-Butskhrikidze,A (2001) Wch U16 Girls 2006 (8)}) 10... dxe5 11. gxf5 gxf5 12. Qh5 f4 13. Nd5 h6 14. Rf3 Nxd5 15. exd5 Qxd5 16. Rxf4 Qd8 17. Rh4 Rf5 18. Bg5 hxg5 19. Nxg5 Rxg5 20. Qh7+ Kf8 21. Rf1+ Rf5 22. Rxf5+ Bxf5 23. Qxf5+ Qf6 24. Qh5 Rd8 25. Rh3 Nd4 26. c3 Ne2+ 27. Kh1 Nf4 28. Rf3 Qh6 29. Qf5+ Kg8 30. Qe4 b6 31. Rg3 Nxd3 32. h3 Nf2+ 0-1

[Event "IV Niterói Chess Open 2024"]
[Site "Rio de Janeiro"]
[Date "2024.08.29"]
[Round "2"]
[Board "19"]
[White "Laba, Otavio De Souza"]
[Black "Rodrigues Mota, Romulo Cardoso S"]
[Result "1-0"]
[WhiteElo "1918"]
[BlackElo "2110"]
[Annotator "Chessbase"]
[PlyCount "99"]
[EventDate "2024.08.28"]
[EventRounds "7"]
[EventCountry "BRA"]

1. e4 c5 2. Nf3 g6 3. d4 cxd4 4. Qxd4 Nf6 5. Nc3 Nc6 6. Qa4 d6 7. e5 dxe5 8. Nxe5 Qc7 ({RR} 8... Bd7 9. Nxd7 Qxd7 10. Be3 Bg7 11. Be2 O-O 12. O-O a6 13. Rad1 Qc7 14. Qf4 Qxf4 15. Bxf4 Rac8 16. Bf3 Rfd8 17. Be3 Kf8 18. Bb6 Rxd1 19. Rxd1 Ke8 20. Na4 Nd7 21. Be3 e6 22. c3 Bf8 23. Kf1 {½-½ Fressinet,L (2640)-Macieja,B (2581) ACP Blitz Playchess.com INT 2006 (4)}) 9. Bf4 Nh5 10. Nb5 $146 ({RR} 10. Nd5 Qd6 11. Nxc6 Nxf4 12. Ne5+ Bd7 13. Nxd7 O-O-O 14. N7b6+ axb6 15. Nxf4 Qd2# {0-1 Mrudul,D (2256)-Bagrationi,A (2454) Titled Tuesday intern op 13th Sep Early blitz 2022 (1)}) ({RR} 10. Nd5 Qd6 11. O-O-O Nxf4 12. Qxf4 Nxe5 13. Bb5+ Bd7 14. Bxd7+ Kd8 15. Ba4 Kc8 16. Nb6+ Qxb6 17. Qxe5 Rg8 18. Bd7+ Kd8 19. Rhe1 Qf6 20. Be6+ Ke8 21. Qb5# {1-0 Larkin,B (1914)-Filippo,G Reykjavik Open 2024 (9.107)}) 10... Qb8 11. Nxc6 Qxf4 12. Qxf4 Nxf4 13. O-O-O f6 14. Bc4 Be6 15. Nc7+ Kf7 16. Nxe6 Nxe6 17. Nd4 Bh6+ 18. Kb1 f5 19. Nxe6 Kf6 20. Rhe1 Rac8 21. Bb3 a5 22. f4 b5 23. h4 Rc6 24. Ng5 a4 25. Bd5 Rd6 26. Bf3 Rb6 27. c3 Bg7 28. Rd7 Bf8 29. Rd8 h6 30. Rxf8+ Rxf8 31. Nh7+ Kg7 32. Nxf8 Kxf8 33. a3 Kf7 34. Kc2 Kf6 35. g4 fxg4 36. Bxg4 h5 37. Bh3 Rc6 38. Re5 Rc4 39. Re1 Rc6 40. Re4 Rc5 41. Rb4 Rd5 42. c4 bxc4 43. Rxc4 Ra5 44. Bd7 Ra7 45. Bxa4 Kf5 46. Be8 e6 47. Rc5+ Kxf4 48. Bxg6 e5 49. Bxh5 Rh7 50. Bg6 1-0

[Event "IV Niterói Chess Open 2024"]
[Site "Rio de Janeiro"]
[Date "2024.08.29"]
[Round "3"]
[Board "16"]
[White "Borsato, Ana Carolina Teodoro"]
[Black "Dias, Matheus Braga"]
[Result "0-1"]
[WhiteElo "1892"]
[BlackElo "1953"]
[Annotator "Chessbase"]
[PlyCount "76"]
[EventDate "2024.08.28"]
[EventRounds "7"]
[EventCountry "BRA"]

1. e4 c5 2. d4 cxd4 3. c3 g6 4. cxd4 d5 5. e5 Bg7 6. Nf3 Bg4 7. Be3 e6 8. Nc3 Ne7 9. Be2 O-O 10. O-O Nbc6 11. h3 Bxf3 12. Bxf3 Nf5 13. Bg4 $146 ({RR} 13. Qd2 Qb6 14. Rfd1 Nxe3 15. fxe3 Bh6 16. Qe2 Na5 17. b3 Rac8 18. Na4 Qa6 19. Kf2 b5 20. Nc5 Qb6 21. Nd7 Qd8 22. Nxf8 Kxf8 23. Rac1 Rxc1 24. Rxc1 Qh4+ 25. Kf1 Qg3 26. Rc8+ Kg7 27. Qf2 Qh2 {1-0 Ismayil,M (1941)-Rangel,D (2189) Titled Tuesday intern op 09th Aug Early blitz 2022 (3)}) 13... Nxe3 14. fxe3 Qb6 15. Qe2 Na5 16. b3 Nc6 17. Rad1 Ne7 18. Kh1 Rac8 19. Na4 Qb4 20. Nc5 Nf5 21. Bxf5 exf5 22. a3 Qa5 23. Nxb7 Qxa3 24. Qb5 Rc3 25. Na5 Rfc8 26. Qxd5 Rc1 27. Nc4 Rxd1 28. Rxd1 Qxb3 29. Rc1 Qb8 30. e6 fxe6 31. Qxe6+ Kh8 32. Ra1 Qc7 33. Nd6 Rf8 34. Nb5 Qb6 35. Nd6 Qc7 36. Qd5 h6 37. Nb5 Qe7 38. Rxa7 Qxe3 0-1

[Event "IV Niterói Chess Open 2024"]
[Site "Rio de Janeiro"]
[Date "2024.08.29"]
[Round "2"]
[Board "9"]
[White "Lujan, Carolina"]
[Black "Andrade, Roberto Luiz Costa"]
[Result "1-0"]
[WhiteElo "2262"]
[BlackElo "1945"]
[Annotator "Chessbase"]
[PlyCount "41"]
[EventDate "2024.08.28"]
[EventRounds "7"]
[EventCountry "BRA"]

1. e4 c5 2. Nf3 Nf6 3. e5 Nd5 4. Nc3 e6 5. Ne4 f5 6. Nc3 Nxc3 7. dxc3 Be7 8. h4 Nc6 9. Bf4 b6 ({RR} 9... O-O 10. Ng5 Qe8 11. Be2 d6 12. exd6 Bf6 13. Be3 b6 14. Qd2 Bxg5 15. Bxg5 h6 16. Be3 e5 17. O-O-O Bd7 18. f3 Na5 19. g4 Qf7 20. b3 f4 21. Bf2 Be6 22. h5 c4 23. b4 Nb7 24. Bh4 {1-0 Sekova,O (2074)-Sala,G (2003) Mitropa Cup Women 2024 (7.12)}) 10. Qe2 Bb7 11. O-O-O Qc7 12. Ng5 $146 ({RR} 12. Qe3 O-O-O 13. Be2 Na5 14. c4 Qc6 15. b3 Qc7 16. h5 Bxf3 17. Bxf3 g5 18. Bxg5 Bxg5 19. Qxg5 Qxe5 20. Kb1 h6 21. Qd2 Qc7 22. Rhe1 Nc6 23. g3 Rh7 24. Bh1 Rg8 25. Re3 Rg5 26. f4 Rg8 {½-½ Mikhalchishin,A (2480)-Sahovic,D (2425) Lvov 1984 (8)}) 12... Bxg5 13. Qh5+ Kf8 14. Qxg5 Nxe5 15. Bxe5 Qxe5 16. Rxd7 Qe2 17. Rd1 Qxf2 18. Bc4 Qxg2 19. Rd8+ Rxd8 20. Qxd8+ Kf7 21. Qd7+ 1-0

[Event "IV Niterói Chess Open 2024"]
[Site "Rio de Janeiro"]
[Date "2024.08.30"]
[Round "4"]
[Board "21"]
[White "Nascimento, Luiz Eduardo Da Trindade"]
[Black "Da Cunha, Fabio Barbosa"]
[Result "1-0"]
[WhiteElo "1872"]
[BlackElo "2034"]
[Annotator "Chessbase"]
[PlyCount "55"]
[EventDate "2024.08.28"]
[EventRounds "7"]
[EventCountry "BRA"]

1. e4 c5 2. Nf3 Nc6 3. Nc3 e5 4. Bc4 g6 5. d3 h6 6. Be3 d6 7. Qd2 Bg7 8. O-O-O ({RR} 8. Nd5 Nge7 9. c3 f5 10. exf5 Nxd5 11. Bxd5 Ne7 12. f6 Bxf6 13. Bb3 Nf5 14. O-O Kf8 15. Qc2 Kg7 16. Rad1 Re8 17. Rfe1 Bd7 18. Bd5 Qc7 19. Qd2 Bc6 20. Be4 Nxe3 21. Bxc6 Nxg2 22. Bxb7 Qxb7 {½-½ Ansat,A (2458)-Gloeckler,C (2304) 57th Biel Master Open 2024 (4.16)}) 8... Nge7 9. Kb1 $146 ({RR} 9. h4 Bg4 10. Rdg1 Qd7 11. Kb1 O-O-O 12. Bxf7 Rdf8 13. Bb3 Bxf3 14. gxf3 Rxf3 15. Nd5 Nxd5 16. Bxd5 Ne7 17. Bb3 Kb8 18. c3 Rh3 19. f4 Rxh1 20. Rxh1 d5 21. fxe5 dxe4 22. d4 cxd4 23. Bxd4 Qc6 {1-0 Kupreichik,V (2485)-Lipinsky,F Meisdorf op 1996}) 9... a6 10. Nd5 b5 11. Bb3 a5 12. c3 a4 13. Bc2 Nxd5 14. exd5 Ne7 15. d4 exd4 16. cxd4 c4 17. Qb4 Qb6 18. Bf4 Kd7 19. Ne5+ dxe5 20. dxe5 Bb7 21. e6+ Ke8 22. Be3 Qa5 23. Qd6 Rd8 24. exf7+ Kxf7 25. Qe6+ Kf8 26. Bxg6 Nxg6 27. Bc5+ Ne7 28. Bxe7+ 1-0

[Event "IV Niterói Chess Open 2024"]
[Site "Rio de Janeiro"]
[Date "2024.08.29"]
[Round "3"]
[Board "31"]
[White "Mantelato, Davi Natali"]
[Black "Prado Oliveira, Fellipe"]
[Result "1-0"]
[WhiteElo "1768"]
[BlackElo "1947"]
[Annotator "Chessbase"]
[PlyCount "133"]
[EventDate "2024.08.28"]
[EventRounds "7"]
[EventCountry "BRA"]

1. e4 c5 2. Nf3 Nc6 3. Bb5 e6 4. Bxc6 bxc6 5. c3 d5 6. exd5 cxd5 7. d4 Nf6 8. O-O Qb6 $146 ({RR} 8... Be7 9. Bg5 cxd4 10. cxd4 O-O 11. Nbd2 h6 12. Bh4 a5 13. a4 Rb8 14. b3 Rb4 15. Re1 Bb7 16. Rb1 Ne4 17. Bxe7 Qxe7 18. Rc1 Qd8 19. Re3 Qb6 20. Rd3 Rc8 21. Rxc8+ Bxc8 22. Qc2 Ba6 23. Re3 {0-1 Stankovic,N (2092)-Radusinovic,L (1966) SCG Festival U14 14th 2006 (1)}) ({RR} 8... h6 9. Bf4 Qb6 10. Qc2 a5 11. Re1 Be7 12. Nbd2 Ba6 13. Nb3 c4 14. Nbd2 O-O 15. Ne5 Ra7 16. Re3 Nh5 17. Bxh6 gxh6 18. Rh3 Nf6 19. Rxh6 Kg7 20. Nxf7 Ne4 21. Qd1 Nf6 22. Qc2 Rg8 23. Qg6+ {0-1 Tran Dang Hong,L-Le,H Phu Dong festival U13 Girls 6th 2004 (8)}) ({RR} 8... Be7 9. Re1 O-O 10. Bf4 Qb6 11. b3 Ba6 12. Nbd2 Rac8 13. Be5 Nd7 14. Nf1 Nxe5 15. Nxe5 Rc7 16. a3 cxd4 17. cxd4 Rfc8 18. Ne3 f6 19. Nf3 Bf8 20. b4 Rc3 21. Qb1 Bd3 22. Qb2 Be4 23. Rac1 {½-½ Castro,J (1996)-Sandoval,C COL-ch U16 Cali 2009 (1)}) 9. Nbd2 Be7 10. Nb3 c4 11. Nbd2 O-O 12. Re1 Bd7 13. Ne5 Qa5 14. Nxd7 Nxd7 15. Qg4 Nb6 16. Nf3 Na4 17. Ne5 Rfc8 18. Nxf7 Kxf7 19. Qxe6+ Kf8 20. Qxe7+ Kg8 21. Qe6+ Kh8 22. h3 Qb5 23. Re5 Nb6 24. a4 Qe8 25. Qxe8+ Rxe8 26. Rxe8+ Rxe8 27. Kf1 a5 28. Bf4 Re7 29. Bd6 Rb7 30. Ra2 Kg8 31. Ke2 Kf7 32. f4 h5 33. g4 hxg4 34. hxg4 Nd7 35. Be5 g6 36. Ke3 Nf6 37. Bxf6 Kxf6 38. Kf3 Rh7 39. Ra1 Rh2 40. g5+ Kf7 41. Rb1 Rc2 42. Ke3 Ke6 43. Kf3 Kf7 44. Re1 Rxb2 45. Re5 Rc2 46. Rxd5 Rxc3+ 47. Ke2 Rd3 48. Re5 Rxd4 49. Ke3 Rd3+ 50. Ke4 Ra3 51. Rxa5 Kg7 52. Ra7+ Kg8 53. a5 c3 54. Kd3 Ra4 55. Ra6 Kg7 56. Ra7+ Kg8 57. Kxc3 Rxf4 58. a6 Rg4 59. Rb7 Rg3+ 60. Kd4 Rg4+ 61. Ke3 Rxg5 62. a7 Rg3+ 63. Kd2 Rg2+ 64. Kc1 Rg1+ 65. Kb2 Rg5 66. Rb8+ Kg7 67. a8=Q 1-0

[Event "IV Niterói Chess Open 2024"]
[Site "Rio de Janeiro"]
[Date "2024.09.01"]
[Round "7"]
[Board "44"]
[White "Cardoso, Rafaela Martins"]
[Black "Fernandes, Marcio Rosa"]
[Result "0-1"]
[WhiteElo "1657"]
[BlackElo "1798"]
[Annotator "Chessbase"]
[PlyCount "104"]
[EventDate "2024.08.28"]
[EventRounds "7"]
[EventCountry "BRA"]

1. e4 c5 2. Nf3 Nc6 3. d4 cxd4 4. Nxd4 e5 5. Nb5 a6 6. Nd6+ Bxd6 7. Qxd6 Qf6 8. Qd1 Nge7 9. Nc3 O-O 10. Be3 ({RR} 10. Bd3 d6 11. O-O Be6 12. f4 exf4 13. Bxf4 Qd4+ 14. Kh1 Ne5 15. Qe1 Nxd3 16. cxd3 Ng6 17. Qe3 Qxe3 {½-½ Bauer,C (2592)-Markos,J (2557) EU-Cup 24th Kallithea 2008 (2)}) ({RR} 10. Bc4 b5 11. Bb3 b4 12. Ne2 Na5 13. O-O Nxb3 14. axb3 Bb7 15. Ng3 d5 16. exd5 Nxd5 17. Qe1 Rfe8 18. Ne4 Qg6 19. f3 Rac8 20. Qf2 Nf4 21. Bxf4 exf4 22. Nc5 Bc6 23. Rxa6 Qf5 24. Nd3 Bb5 {1-0 Lin,B (2103)-De Souza,A (2113) Titled Tue 30th Jan Late 2024 (1)}) 10... b5 11. Bd3 Bb7 $146 ({RR} 11... d6 12. Qd2 h6 13. O-O-O Be6 14. h4 Rac8 15. Be2 Na5 16. g4 Bc4 17. g5 Qe6 18. Nd5 Bxe2 19. Nxe7+ Qxe7 20. Qxe2 Nc4 21. gxh6 Nxe3 22. Qxe3 g6 23. h5 Kh7 24. f4 exf4 25. Qxf4 Rcd8 26. Rd5 {1-0 Prandstetter,E (2385)-Vranek,B Prague Bohemians 1977 (9)}) 12. O-O b4 13. Nd5 Nxd5 14. exd5 Ne7 15. Be4 Qd6 16. f4 f5 17. Bd3 e4 18. Bc4 Kh8 19. Qd4 Rac8 20. Rad1 Qf6 21. Bb3 Qxd4 22. Rxd4 a5 23. a3 bxa3 24. bxa3 d6 25. Rfd1 Rc3 26. Bd2 Rc5 27. Be3 Rfc8 28. Ra4 Rb5 29. Bc4 Rbc5 30. Bxc5 Rxc5 31. Bb3 Ba6 32. Kf2 Kg8 33. Rdd4 Kf7 34. Bc4 Bb7 35. Bb3 Bxd5 36. Bxd5+ Nxd5 37. Rac4 Rxc4 38. Rxc4 Nxf4 39. Ra4 Ke6 40. Rxa5 d5 41. g3 Ng6 42. Ke3 Ke5 43. c4 Ne7 44. h4 h6 45. Rb5 g5 46. a4 f4+ 47. gxf4+ gxf4+ 48. Ke2 f3+ 49. Kf2 Kf4 50. Rb3 d4 51. Ke1 e3 52. Rd3 Ke4 0-1

[Event "IV Niterói Chess Open 2024"]
[Site "Rio de Janeiro"]
[Date "2024.08.31"]
[Round "6"]
[White "Oliveira, Israel Flavio Felic"]
[Black "Andrade, Roberto Luiz Costa"]
[Result "1-0"]
[WhiteElo "1839"]
[BlackElo "1945"]
[Annotator "Chessbase"]
[PlyCount "117"]
[EventDate "2024.08.28"]
[EventRounds "7"]
[EventCountry "BRA"]

1. e4 c5 2. Nf3 Nc6 3. d4 cxd4 4. Nxd4 e5 5. Nb5 a6 6. Nd6+ Bxd6 7. Qxd6 Qf6 8. Qa3 Qg6 9. Be3 Qxe4 10. c3 $146 ({RR} 10. Nc3 Qb4 11. Qxb4 Nxb4 12. O-O-O Ne7 13. Bc5 Nbc6 14. Bc4 O-O 15. Rhe1 b5 16. Bb3 Re8 17. Bxe7 Rxe7 18. Nd5 Re6 19. Nc7 Rb8 20. Bxe6 fxe6 21. Rd6 Kf7 22. Nxe6 Ke7 23. Red1 Nd4 24. Nxd4 Kxd6 {½-½ Ivanov,D-Osnos,V URS Army-ch Final 1956}) ({RR} 10. Nc3 Qb4 11. Qxb4 Nxb4 12. O-O-O Ne7 13. Bc5 Nbc6 14. Bc4 O-O 15. Rhe1 Rd8 16. Bxe7 Nxe7 17. Rxe5 Kf8 18. Rd6 b5 19. Bd5 Ra7 20. Bf3 Rc7 21. a4 b4 22. Nd5 Nxd5 23. Bxd5 Rc5 24. Re4 a5 {½-½ Todorovic,G (2485)-Savic,M (2443) YUG-ch 56th Herceg Novi 2001 (14)}) ({RR} 10. Nc3 Qb4 11. Qxb4 Nxb4 12. O-O-O Ne7 13. Bc5 Nbc6 14. Bc4 b5 15. Bb3 Na5 16. f4 Nxb3+ 17. axb3 Bb7 18. Rhe1 f6 19. fxe5 f5 20. e6 d5 21. Bxe7 Kxe7 22. Nxd5+ Bxd5 23. Rxd5 Kf6 24. Rd7 Rhe8 {1-0 Gan-Erdene,S (2429)-Enkh-Od Enkhbaatar (1983) ch-MGL 2024 Choibalsan MGL (9.4)}) ({RR} 10. Nc3 Qb4 11. Qxb4 Nxb4 12. O-O-O Ne7 13. Bc5 Nbc6 14. Ne4 d5 15. Nd6+ Kd7 16. Nxf7 Rf8 17. Ng5 h6 18. Ne4 Ke6 19. Nc3 b5 20. Nxd5 Kf7 21. Be2 Be6 22. Nc7 Rad8 23. Nxe6 Kxe6 24. Bg4+ Kf6 {1-0 Drimer,D-Sajtar,J Bucharest Int 06th 1962 (9)}) ({RR} 10. Nc3 Qb4 11. Qxb4 Nxb4 12. O-O-O Ne7 13. Bc5 Nbc6 14. f4 O-O 15. Nd5 Nxd5 16. Bxf8 Nxf4 17. Bd6 Ne6 18. a4 f6 19. Bc4 Ncd4 20. Bd5 Nf5 21. Rd3 Kf7 22. Rhd1 Nfd4 23. Re1 Nf5 24. Red1 Nfd4 {0-1 Remizov,A (1948)-Martemyanov,V (1972) Pavlovo 2013 (7)}) 10... d5 11. Nd2 Qg4 12. Be2 Qe6 13. O-O Nge7 14. Bc5 O-O 15. Rad1 Re8 16. Rfe1 Nf5 17. c4 Ncd4 18. Bd3 dxc4 19. Nxc4 Qf6 20. Nb6 Rb8 21. Nd5 Qd8 22. Bxf5 Bxf5 23. Ne7+ Rxe7 24. Bxe7 Qd5 25. Qd6 Qxd6 26. Bxd6 Rc8 27. Rxe5 Be6 28. h3 Nc6 29. Re3 Rd8 30. a3 h6 31. Rd2 Na5 32. Bb4 Rxd2 33. Bxd2 Nc4 34. Re2 Nxb2 35. Bxh6 Nc4 36. Bc1 b5 37. Re4 Kf8 38. f4 Ke7 39. a4 Kf6 40. axb5 axb5 41. g4 g6 42. Kf2 b4 43. Re2 Kg7 44. Bb2+ Nxb2 45. Rxb2 b3 46. Ke3 Kh6 47. Kd4 f5 48. Ke5 Bg8 49. Kf6 Bc4 50. Rd2 Bb5 51. Rd8 Kh7 52. Rb8 Bc4 53. Rb7+ Kh8 54. Kxg6 fxg4 55. hxg4 Bd3+ 56. f5 Bc4 57. Kf6 Bd5 58. Rb4 Kh7 59. g5 1-0